| 000 | 00668nam a22002177a 4500 | ||
|---|---|---|---|
| 999 |
_c330020 _d330020 |
||
| 003 | NUST | ||
| 005 | 20191004095255.0 | ||
| 008 | 170605b xxu||||| |||| 00| 0 eng d | ||
| 022 | _a08931321 | ||
| 038 | _aNusrat Nadeem | ||
| 040 |
_aDLC _bDLC _cRCMS |
||
| 082 | _a621.38 BIN | ||
| 100 |
_aEditor, Wieslaw Binienda, _91978 |
||
| 245 |
_aJournal of Aerospace Engineering _cEditor, Wieslaw Binienda, |
||
| 260 |
_aAmerica _bAmerican Society of Civil Engineers _cAug 2014 |
||
| 300 |
_a100 p. : _bill, ; _c30 cm. |
||
| 440 |
_vVol 27, Number, 4 _922808 |
||
| 650 |
_aAerospace Division _91980 |
||
| 856 | _3 | ||
| 942 |
_2ddc _cCR _h621.38 BIN |
||